Sports Quiz

Random Sports or NFL Quiz

NFL: Literally Quiz Stats

Quiz Updated Oct 16, 2012

Challenge
Share
Tweet
Score 0/32 Timer 06:00
0 Plays Today
NFL team % Correct
Rams
98.8%
Dolphins
97.8%
Bears
96.6%
Patriots
90.5%
Ravens
89.3%
Eagles
88.4%
Lions
88.3%
Jets
87.8%
Broncos
86.1%
Cardinals
85%
Chiefs
84.6%
Panthers
84.1%
Saints
83.7%
Raiders
83.5%
Falcons
81.6%
Giants
80.3%
NFL team % Correct
Jaguars
79.8%
Cowboys
77.1%
Bengals
76.5%
Seahawks
74.5%
Colts
71.6%
49ers
71.2%
Vikings
70.7%
Packers
66.7%
Texans
66.3%
Buccaneers
66.1%
Browns
64.6%
Chargers
63.8%
Bills
62.7%
Steelers
61%
Redskins
54.3%
Titans
48.3%

You're not logged in!

Compare scores with friends on all Sporcle quizzes.
Sign Up with Email
OR
Log In

You Might Also Like...

Show Comments

Extras

Top Quizzes Today


Score Distribution

Your Account Isn't Verified!

In order to create a playlist on Sporcle, you need to verify the email address you used during registration. Go to your Sporcle Settings to finish the process.